000 00511nam a2200169Ia 4500
999 _c27651
_d27651
003 OSt
005 20201221122711.0
008 190216s9999||||xx |||||||||||||| ||und||
040 _coclc
082 _a894.8121
_bUNI/S
100 _aUniversity, Calicut
_9635
245 0 _aSahithya Sourabham /
_cCalicut University
260 _bCalicut University Central Co-Operative,
_a1997.
_cCalicut:
300 _a120p
650 _aKavithkal
942 _cBK
_2ddc
_h894.8121
_iUNI/S
_k894.8121
_mUNI/S